El primer año de vida : génesis de la primeras relaciones objétales /
Guardado en:
| Autor Principal: | |
|---|---|
| Otros Autores: | |
| Formato: | Libro |
| Publicado: |
Madrid :
Aguilar,
1979.
|
| Edición: | 3a. ed. |
| Materias: | |
| Etiquetas: |
Agregar Etiqueta
Sin Etiquetas, Sea el primero en etiquetar este registro!
|
| LEADER | 00775nam a22002175a 4500 | ||
|---|---|---|---|
| 001 | CEM.cems007306 | ||
| 008 | 130507s1979####sp############000#0#####d | ||
| 005 | 20220929193658.0 | ||
| 245 | 1 | 0 | |a El primer año de vida : |b génesis de la primeras relaciones objétales / |c Rene A. Spitz ; prefacio de Anna Freud. |
| 250 | |a 3a. ed. | ||
| 260 | |a Madrid : |b Aguilar, |c 1979. | ||
| 300 | |a 147 p. | ||
| 100 | 1 | |a Spitz, Rene A. | |
| 700 | 1 | |a Freud, Anna. | |
| 082 | 0 | 4 | |a 136.7 |
| 653 | |a Psicología del niño | ||
| 653 | |a Psicología evolutiva | ||
| 653 | |a Biblioteca TC | ||
| 859 | |a CEMS |b BIB. CEMS - 11 de abril |h 136.7 |i Sp49a3 |p 7728.80 |t Ej.1 |v TC | ||
| 859 | |a CEMS |b BIB. CEMS - 11 de abril |h TC |p 1332.017 |t Ej.2 | ||
| 859 | |a CEMS |b BIB. CEMS - Ccias. Educacion |h 136.7 |i Sp49a3 |k CE |p 29233.21 |t Ej.3 | ||
